000 00329nam a2200133Ia 4500
008 190723s9999 xx 000 0 und d
020 _a978-93-528-6529-1
100 _aGareth R. Jones
245 0 _aOrganizational: Theory, Design and change
250 _a7th
260 _aIndia
_bPearson
_c2018
300 _a499.:p
942 _cBK
999 _c1821
_d1821